[Event "Tournoi International du Pays de Charleroi 2018"]
[Site "Roux, Belgium"]
[Date "2018.07.28"]
[Round "1.17"]
[White "Terryn, Ezra"]
[Black "Wiley, Tom"]
[Result "1-0"]
[WhiteElo "2007"]
[BlackElo "2207"]

1. e4 {[%clk 01:30:45]} {[%emt 00:00:13]} e6 {[%clk 01:30:53]} {[%emt
00:00:08]} 2. d4 {[%clk 01:31:04]} {[%emt 00:00:11]} d5 {[%clk 01:31:19]}
{[%emt 00:00:05]} 3. Nc3 {[%clk 01:31:23]} {[%emt 00:00:11]} Bb4 {[%clk
01:31:37]} {[%emt 00:00:12]} 4. exd5 {[%clk 01:31:45]} {[%emt 00:00:08]} exd5
{[%clk 01:32:02]} {[%emt 00:00:05]} 5. Bd3 {[%clk 01:32:05]} {[%emt 00:00:09]}
Nc6 {[%clk 01:31:45]} {[%emt 00:00:47]} 6. a3 {[%clk 01:32:17]} {[%emt
00:00:19]} Bxc3+ {[%clk 01:31:13]} {[%emt 00:01:03]} 7. bxc3 {[%clk 01:32:38]}
{[%emt 00:00:07]} Be6 {[%clk 01:31:27]} {[%emt 00:00:16]} 8. Qf3 {[%clk
01:29:45]} {[%emt 00:03:21]} Qh4 {[%clk 01:25:54]} {[%emt 00:06:05]} 9. Qg3
{[%clk 01:15:02]} {[%emt 00:15:13]} Qxg3 {[%clk 01:25:54]} {[%emt 00:00:31]} 10.
hxg3 {[%clk 01:15:27]} {[%emt 00:00:04]} h6 {[%clk 01:22:23]} {[%emt 00:04:02]}
11. f3 {[%clk 01:11:56]} {[%emt 00:04:01]} Nge7 {[%clk 01:21:49]} {[%emt
00:01:04]} 12. g4 {[%clk 01:10:52]} {[%emt 00:01:33]} O-O-O {[%clk 01:21:15]}
{[%emt 00:01:04]} 13. Nh3 {[%clk 01:04:25]} {[%emt 00:06:56]} h5 {[%clk
01:15:38]} {[%emt 00:06:09]} 14. g5 {[%clk 01:01:19]} {[%emt 00:03:35]} Bf5
{[%clk 01:14:32]} {[%emt 00:01:37]} 15. Kf2 {[%clk 00:55:39]} {[%emt 00:06:09]}
g6 {[%clk 01:11:14]} {[%emt 00:03:49]} 16. a4 {[%clk 00:54:51]} {[%emt
00:01:19]} Bxd3 {[%clk 01:04:43]} {[%emt 00:07:00]} 17. cxd3 {[%clk 00:55:12]}
{[%emt 00:00:08]} Nf5 {[%clk 01:04:59]} {[%emt 00:00:14]} 18. Ba3 {[%clk
00:55:00]} {[%emt 00:00:42]} h4 {[%clk 00:59:57]} {[%emt 00:05:33]} 19. Nf4
{[%clk 00:47:57]} {[%emt 00:07:32]} Nb8 {[%clk 00:55:13]} {[%emt 00:05:15]} 20.
Rhe1 {[%clk 00:30:53]} {[%emt 00:17:33]} c6 {[%clk 00:54:48]} {[%emt 00:00:55]}
21. a5 {[%clk 00:30:24]} {[%emt 00:01:00]} Nd7 {[%clk 00:49:57]} {[%emt
00:05:21]} 22. Re2 {[%clk 00:20:25]} {[%emt 00:10:28]} Rde8 {[%clk 00:49:24]}
{[%emt 00:01:04]} 23. Rb2 {[%clk 00:20:50]} {[%emt 00:00:06]} Kc7 {[%clk
00:48:02]} {[%emt 00:01:52]} 24. Rc1 {[%clk 00:18:31]} {[%emt 00:02:48]} Nf8
{[%clk 00:39:53]} {[%emt 00:08:39]} 25. c4 {[%clk 00:17:25]} {[%emt 00:01:36]}
dxc4 {[%clk 00:34:23]} {[%emt 00:06:00]} 26. Rxc4 {[%clk 00:15:02]} {[%emt
00:02:53]} Ne6 {[%clk 00:33:09]} {[%emt 00:01:44]} 27. Nd5+ {[%clk 00:12:01]}
{[%emt 00:03:31]} Kb8 {[%clk 00:33:05]} {[%emt 00:00:35]} 28. Rxc6 {[%clk
00:10:57]} {[%emt 00:01:34]} Rc8 {[%clk 00:31:59]} {[%emt 00:01:36]} 29. Rc4
{[%clk 00:09:10]} {[%emt 00:02:16]} Rhd8 {[%clk 00:26:20]} {[%emt 00:06:09]} 30.
Ne7 {[%clk 00:04:49]} {[%emt 00:04:51]} Nxe7 {[%clk 00:23:53]} {[%emt
00:02:57]} 31. Bxe7 {[%clk 00:05:09]} {[%emt 00:00:11]} Rxd4 {[%clk 00:22:38]}
{[%emt 00:01:45]} 32. Rxd4 {[%clk 00:03:30]} {[%emt 00:02:08]} Nxd4 {[%clk
00:22:58]} {[%emt 00:00:11]} 33. Bd6+ {[%clk 00:02:49]} {[%emt 00:01:12]} Ka8
{[%clk 00:23:22]} {[%emt 00:00:05]} 34. f4 {[%clk 00:02:38]} {[%emt 00:00:39]}
a6 {[%clk 00:23:06]} {[%emt 00:00:48]} 35. Be5 {[%clk 00:01:52]} {[%emt
00:01:16]} Nc6 {[%clk 00:22:58]} {[%emt 00:00:38]} 36. Ra2 {[%clk 00:01:15]}
{[%emt 00:01:08]} Rd8 {[%clk 00:21:17]} {[%emt 00:02:10]} 37. Ke3 {[%clk
00:01:09]} {[%emt 00:00:35]} Nb4 {[%clk 00:20:27]} {[%emt 00:01:20]} 38. Rd2
{[%clk 00:01:11]} {[%emt 00:00:28]} Rd5 {[%clk 00:20:07]} {[%emt 00:00:49]} 39.
Bc7 {[%clk 00:00:49]} {[%emt 00:00:54]} Nc6 {[%clk 00:19:42]} {[%emt 00:00:55]}
40. Ra2 {[%clk 00:00:39]} {[%emt 00:00:40]} Nb4 {[%clk 00:14:50]} {[%emt
00:05:22]} 41. Rd2 {[%clk 00:26:32]} {[%emt 00:04:37]} Nc6 {[%clk 00:44:20]}
{[%emt 00:01:00]} 42. d4 {[%clk 00:20:38]} {[%emt 00:06:23]} Rd7 {[%clk
00:41:00]} {[%emt 00:03:50]} 43. Bb6 {[%clk 00:19:57]} {[%emt 00:01:11]} Nb4
{[%clk 00:39:43]} {[%emt 00:01:48]} 44. Bc5 {[%clk 00:16:01]} {[%emt 00:04:25]}
Nd5+ {[%clk 00:39:09]} {[%emt 00:01:04]} 45. Ke4 {[%clk 00:16:03]} {[%emt
00:00:27]} Nc3+ {[%clk 00:38:25]} {[%emt 00:01:15]} 46. Kf3 {[%clk 00:11:01]}
{[%emt 00:05:33]} Nd5 {[%clk 00:32:03]} {[%emt 00:06:52]} 47. Ke4 {[%clk
00:11:30]} {[%emt 00:00:02]} Nc3+ {[%clk 00:32:16]} {[%emt 00:00:16]} 48. Kf3
{[%clk 00:11:58]} {[%emt 00:00:02]} Nd5 {[%clk 00:32:33]} {[%emt 00:00:13]} 49.
Rc2 {[%clk 00:11:03]} {[%emt 00:01:25]} Kb8 {[%clk 00:31:08]} {[%emt 00:01:54]}
50. Ke4 {[%clk 00:10:58]} {[%emt 00:00:35]} Ne7 {[%clk 00:26:49]} {[%emt
00:04:51]} 51. Bb6 {[%clk 00:08:37]} {[%emt 00:02:51]} Nd5 {[%clk 00:25:22]}
{[%emt 00:01:56]} 52. Bc5 {[%clk 00:09:02]} {[%emt 00:00:05]} Ne7 {[%clk
00:25:45]} {[%emt 00:00:07]} 53. Bb6 {[%clk 00:09:07]} {[%emt 00:00:25]} Nd5
{[%clk 00:26:11]} {[%emt 00:00:05]} 54. Rc5 {[%clk 00:09:33]} {[%emt 00:00:04]}
Nxb6 {[%clk 00:25:02]} {[%emt 00:01:39]} 55. axb6 {[%clk 00:10:01]} {[%emt
00:00:01]} Rd6 {[%clk 00:25:26]} {[%emt 00:00:07]} 56. d5 {[%clk 00:09:52]}
{[%emt 00:00:38]} Rxb6 {[%clk 00:23:50]} {[%emt 00:02:05]} 57. Ke5 {[%clk
00:10:15]} {[%emt 00:00:07]} Rb5 {[%clk 00:23:46]} {[%emt 00:00:35]} 58. Rxb5
{[%clk 00:10:25]} {[%emt 00:00:20]} axb5 {[%clk 00:24:11]} {[%emt 00:00:06]} 59.
Kf6 {[%clk 00:10:40]} {[%emt 00:00:15]} Kc7 {[%clk 00:22:37]} {[%emt 00:02:03]}
60. Ke7 {[%clk 00:11:02]} {[%emt 00:00:08]} 1-0

[Event "Tournoi International du Pays de Charleroi 2018"]
[Site "Roux, Belgium"]
[Date "2018.07.28"]
[Round "1.3"]
[White "Kasparova, Tatiana"]
[Black "Miezis, Normunds"]
[Result "1/2-1/2"]
[WhiteTitle "WFM"]
[BlackTitle "GM"]
[WhiteElo "2090"]
[BlackElo "2463"]

1. e4 {[%clk 01:30:58]} {[%emt 00:00:02]} c5 {[%clk 01:30:42]} {[%emt
00:00:18]} 2. Nf3 {[%clk 01:31:23]} {[%emt 00:00:05]} e6 {[%clk 01:30:55]}
{[%emt 00:00:16]} 3. d4 {[%clk 01:31:43]} {[%emt 00:00:10]} cxd4 {[%clk
01:31:14]} {[%emt 00:00:11]} 4. Nxd4 {[%clk 01:32:08]} {[%emt 00:00:05]} a6
{[%clk 01:31:26]} {[%emt 00:00:18]} 5. c4 {[%clk 01:31:38]} {[%emt 00:01:01]}
Nf6 {[%clk 01:30:58]} {[%emt 00:00:57]} 6. Nc3 {[%clk 01:31:38]} {[%emt
00:00:31]} Qc7 {[%clk 01:29:52]} {[%emt 00:01:35]} 7. a3 {[%clk 01:29:25]}
{[%emt 00:02:44]} b6 {[%clk 01:27:22]} {[%emt 00:02:59]} 8. Be3 {[%clk
01:28:55]} {[%emt 00:01:01]} Bb7 {[%clk 01:27:33]} {[%emt 00:00:19]} 9. f3
{[%clk 01:28:42]} {[%emt 00:00:43]} Nc6 {[%clk 01:26:57]} {[%emt 00:01:05]} 10.
Rc1 {[%clk 01:27:04]} {[%emt 00:02:09]} Nxd4 {[%clk 01:27:03]} {[%emt
00:00:24]} 11. Qxd4 {[%clk 01:23:09]} {[%emt 00:04:25]} Bc5 {[%clk 01:27:19]}
{[%emt 00:00:13]} 12. Qd2 {[%clk 01:23:32]} {[%emt 00:00:08]} O-O {[%clk
01:23:27]} {[%emt 00:04:22]} 13. Bf4 {[%clk 01:21:06]} {[%emt 00:02:55]} e5
{[%clk 01:23:06]} {[%emt 00:00:51]} 14. Be3 {[%clk 01:21:15]} {[%emt 00:00:23]}
Nh5 {[%clk 01:21:59]} {[%emt 00:01:36]} 15. Na4 {[%clk 01:10:29]} {[%emt
00:11:17]} f5 {[%clk 01:17:01]} {[%emt 00:05:27]} 16. Nxc5 {[%clk 01:03:43]}
{[%emt 00:07:17]} bxc5 {[%clk 01:17:08]} {[%emt 00:00:22]} 17. exf5 {[%clk
01:04:03]} {[%emt 00:00:10]} Rxf5 {[%clk 01:11:42]} {[%emt 00:05:56]} 18. Be2
{[%clk 00:59:53]} {[%emt 00:04:40]} Nf4 {[%clk 01:07:12]} {[%emt 00:05:00]} 19.
O-O {[%clk 00:59:32]} {[%emt 00:00:51]} Raf8 {[%clk 01:04:32]} {[%emt
00:03:09]} 20. Bd3 {[%clk 00:55:00]} {[%emt 00:05:03]} Nxd3 {[%clk 00:45:39]}
{[%emt 00:19:23]} 21. Qxd3 {[%clk 00:55:29]} {[%emt 00:00:02]} R8f6 {[%clk
00:44:07]} {[%emt 00:02:00]} 22. Rcd1 {[%clk 00:54:29]} {[%emt 00:01:31]} d6
{[%clk 00:39:02]} {[%emt 00:05:35]} 23. b4 {[%clk 00:41:14]} {[%emt 00:13:45]}
cxb4 {[%clk 00:38:19]} {[%emt 00:01:12]} 24. axb4 {[%clk 00:41:43]} {[%emt
00:00:01]} h6 {[%clk 00:38:26]} {[%emt 00:00:23]} 25. c5 {[%clk 00:27:26]}
{[%emt 00:14:49]} d5 {[%clk 00:37:33]} {[%emt 00:01:22]} 26. Bf2 {[%clk
00:24:46]} {[%emt 00:03:11]} Qf7 {[%clk 00:32:58]} {[%emt 00:05:04]} 27. Bg3
{[%clk 00:23:06]} {[%emt 00:02:11]} e4 {[%clk 00:27:08]} {[%emt 00:06:20]} 28.
fxe4 {[%clk 00:22:34]} {[%emt 00:01:02]} dxe4 {[%clk 00:27:26]} {[%emt
00:00:11]} 29. Qe2 {[%clk 00:19:06]} {[%emt 00:03:59]} Rxf1+ {[%clk 00:26:00]}
{[%emt 00:01:56]} 30. Rxf1 {[%clk 00:19:35]} {[%emt 00:00:01]} Rxf1+ {[%clk
00:25:39]} {[%emt 00:00:51]} 31. Qxf1 {[%clk 00:20:04]} Qd5 {[%clk 00:20:24]}
{[%emt 00:05:44]} 32. Bf2 {[%clk 00:17:55]} {[%emt 00:02:41]} Qg5 {[%clk
00:19:16]} {[%emt 00:01:38]} 33. Qe2 {[%clk 00:15:26]} {[%emt 00:02:59]} Qc1+
{[%clk 00:17:16]} {[%emt 00:02:28]} 34. Qe1 {[%clk 00:15:09]} {[%emt 00:00:48]}
Qc2 {[%clk 00:17:09]} {[%emt 00:00:37]} 35. Be3 {[%clk 00:15:23]} {[%emt
00:00:16]} Bc6 {[%clk 00:17:26]} {[%emt 00:00:14]} 36. Qd2 {[%clk 00:15:14]}
{[%emt 00:00:40]} Qb1+ {[%clk 00:17:38]} {[%emt 00:00:16]} 37. Kf2 {[%clk
00:15:05]} {[%emt 00:00:40]} Kh7 {[%clk 00:17:06]} {[%emt 00:01:01]} 38. Kg3
{[%clk 00:13:33]} {[%emt 00:02:02]} Qb3 {[%clk 00:16:27]} {[%emt 00:01:08]} 39.
h3 {[%clk 00:13:05]} {[%emt 00:01:00]} Bb5 {[%clk 00:13:47]} {[%emt 00:03:08]}
40. Kh2 {[%clk 00:12:45]} {[%emt 00:00:50]} Bd3 {[%clk 00:13:49]} {[%emt
00:00:28]} 41. Bf4 {[%clk 00:07:56]} {[%emt 00:05:20]} Qe6 {[%clk 00:12:19]}
{[%emt 00:01:59]} 42. Be3 {[%clk 00:08:03]} {[%emt 00:00:24]} Qf6 {[%clk
00:12:30]} {[%emt 00:00:18]} 43. Qf2 {[%clk 00:08:24]} {[%emt 00:00:10]} Qe6
{[%clk 00:11:57]} {[%emt 00:01:02]} 44. Qg3 {[%clk 00:07:51]} {[%emt 00:01:05]}
Qd5 {[%clk 00:07:48]} {[%emt 00:04:39]} 45. Qf2 {[%clk 00:05:11]} {[%emt
00:03:10]} Bb5 {[%clk 00:07:51]} {[%emt 00:00:27]} 46. Qd2 {[%clk 00:04:17]}
{[%emt 00:01:25]} Qe6 {[%clk 00:07:45]} {[%emt 00:00:36]} 47. Qd6 {[%clk
00:03:16]} {[%emt 00:01:31]} Qe8 {[%clk 00:07:27]} {[%emt 00:00:47]} 48. Qf4
{[%clk 00:03:13]} {[%emt 00:00:34]} Kg8 {[%clk 00:07:28]} {[%emt 00:00:28]} 49.
Qg3 {[%emt 00:01:35]} Qe7 {[%clk 00:05:57]} {[%emt 00:00:47]} 50. Bxh6 {[%clk
00:02:05]} {[%emt 00:01:48]} Qf6 {[%clk 00:03:52]} {[%emt 00:02:33]} 51. Bf4
{[%clk 00:01:28]} {[%emt 00:01:09]} Bc6 {[%clk 00:02:58]} {[%emt 00:01:21]} 52.
Be5 {[%clk 00:01:22]} {[%emt 00:00:39]} Qe7 {[%clk 00:03:22]} {[%emt 00:00:06]}
53. Bd4 {[%clk 00:01:45]} {[%emt 00:00:06]} Bb5 {[%clk 00:03:01]} {[%emt
00:00:52]} 54. Qd6 {[%clk 00:01:20]} {[%emt 00:00:55]} Qxd6 {[%clk 00:03:06]}
{[%emt 00:00:25]} 55. cxd6 {[%clk 00:01:48]} {[%emt 00:00:03]} 1/2-1/2

[Event "Tournoi International du Pays de Charleroi 2018"]
[Site "Roux, Belgium"]
[Date "2018.07.28"]
[Round "1.24"]
[White "Hoffmeister, Frank"]
[Black "Gillot, Florent"]
[Result "0-1"]
[WhiteElo "2170"]
[BlackElo "1975"]

1. d4 {[%clk 01:30:57]} Nf6 {[%clk 01:30:54]} {[%emt 00:00:07]} 2. c4 {[%clk
01:31:22]} {[%emt 00:00:06]} e6 {[%clk 01:31:20]} {[%emt 00:00:04]} 3. g3
{[%clk 01:31:45]} {[%emt 00:00:06]} d5 {[%clk 01:31:35]} {[%emt 00:00:16]} 4.
Nf3 {[%clk 01:32:08]} {[%emt 00:00:06]} Be7 {[%clk 01:31:44]} {[%emt 00:00:22]}
5. Bg2 {[%clk 01:32:31]} {[%emt 00:00:07]} O-O {[%clk 01:31:53]} {[%emt
00:00:21]} 6. O-O {[%clk 01:32:54]} {[%emt 00:00:06]} Nbd7 {[%clk 01:32:03]}
{[%emt 00:00:20]} 7. Qc2 {[%clk 01:32:52]} {[%emt 00:00:32]} c6 {[%clk
01:31:27]} {[%emt 00:01:07]} 8. Rd1 {[%clk 01:33:08]} {[%emt 00:00:14]} b6
{[%clk 01:31:10]} {[%emt 00:00:47]} 9. b3 {[%clk 01:33:25]} {[%emt 00:00:13]}
Bb7 {[%clk 01:27:51]} {[%emt 00:03:49]} 10. Nc3 {[%clk 01:32:44]} {[%emt
00:01:11]} Rc8 {[%emt 00:08:36]} 11. e4 {[%clk 01:31:27]} {[%emt 00:01:42]}
dxe4 {[%clk 01:15:06]} {[%emt 00:05:14]} 12. Ng5 {[%clk 01:30:46]} {[%emt
00:01:10]} h6 {[%clk 01:10:30]} {[%emt 00:05:06]} 13. Ngxe4 {[%clk 01:31:10]}
{[%emt 00:00:06]} Nxe4 {[%clk 01:10:25]} {[%emt 00:00:36]} 14. Nxe4 {[%clk
01:31:30]} {[%emt 00:00:09]} Nf6 {[%clk 01:10:48]} {[%emt 00:00:08]} 15. c5
{[%clk 01:31:33]} {[%emt 00:00:26]} Nd5 {[%clk 01:07:44]} {[%emt 00:04:05]} 16.
Bb2 {[%clk 01:24:54]} {[%emt 00:07:38]} Ba6 {[%clk 00:56:28]} {[%emt 00:11:47]}
17. a3 {[%clk 01:23:24]} {[%emt 00:02:00]} Qc7 {[%clk 00:53:01]} {[%emt
00:03:57]} 18. Re1 {[%clk 01:17:34]} {[%emt 00:06:19]} Rfd8 {[%clk 00:47:09]}
{[%emt 00:06:23]} 19. b4 {[%clk 01:13:10]} {[%emt 00:04:54]} Rd7 {[%clk
00:42:53]} {[%emt 00:04:46]} 20. Rac1 {[%clk 01:11:38]} {[%emt 00:02:01]} b5
{[%clk 00:40:12]} {[%emt 00:03:12]} 21. Bh3 {[%clk 00:53:09]} {[%emt 00:18:59]}
Ra8 {[%clk 00:36:34]} {[%emt 00:04:07]} 22. Nd2 {[%clk 00:48:27]} {[%emt
00:05:13]} Bf6 {[%clk 00:32:11]} {[%emt 00:04:52]} 23. f4 {[%clk 00:45:04]}
{[%emt 00:03:52]} Bc8 {[%clk 00:31:11]} {[%emt 00:01:32]} 24. Nb3 {[%clk
00:40:39]} {[%emt 00:04:55]} Rd8 {[%clk 00:29:08]} {[%emt 00:02:31]} 25. Qe4
{[%clk 00:35:13]} {[%emt 00:05:56]} g5 {[%clk 00:22:59]} {[%emt 00:06:40]} 26.
Rf1 {[%clk 00:32:06]} {[%emt 00:03:36]} Kh8 {[%clk 00:19:44]} {[%emt 00:03:47]}
27. fxg5 {[%clk 00:19:58]} {[%emt 00:12:38]} Bxg5 {[%clk 00:18:21]} {[%emt
00:01:54]} 28. Rce1 {[%clk 00:20:06]} {[%emt 00:00:20]} f5 {[%clk 00:16:34]}
{[%emt 00:02:17]} 29. Qf3 {[%clk 00:20:14]} {[%emt 00:00:22]} Bd7 {[%clk
00:15:27]} {[%emt 00:01:38]} 30. Bc1 {[%clk 00:17:51]} {[%emt 00:02:52]} Rg8
{[%clk 00:14:40]} {[%emt 00:01:18]} 31. Bxg5 {[%clk 00:17:00]} {[%emt
00:01:20]} Rxg5 {[%clk 00:14:59]} {[%emt 00:00:11]} 32. Kh1 {[%clk 00:16:51]}
{[%emt 00:00:40]} Rag8 {[%clk 00:14:16]} {[%emt 00:01:13]} 33. Re5 {[%clk
00:15:53]} {[%emt 00:01:27]} Nf6 {[%clk 00:12:16]} {[%emt 00:02:30]} 34. Qf4
{[%clk 00:10:44]} {[%emt 00:05:39]} Qd8 {[%clk 00:10:33]} {[%emt 00:02:12]} 35.
Re2 {[%clk 00:05:28]} {[%emt 00:05:47]} Kh7 {[%clk 00:07:03]} {[%emt 00:04:00]}
36. Nd2 {[%clk 00:05:33]} {[%emt 00:00:25]} Rh5 {[%clk 00:04:02]} {[%emt
00:03:30]} 37. Kg2 {[%clk 00:02:47]} {[%emt 00:03:18]} Nd5 {[%clk 00:03:32]}
{[%emt 00:01:00]} 38. Qd6 {[%clk 00:02:24]} {[%emt 00:00:52]} Qe7 {[%clk
00:00:35]} {[%emt 00:03:27]} 39. Qxe7 {[%clk 00:01:16]} {[%emt 00:01:38]} Nxe7
{[%clk 00:01:00]} {[%emt 00:00:05]} 40. Nf3 {[%clk 00:01:19]} {[%emt 00:00:28]}
Nd5 {[%clk 00:00:47]} {[%emt 00:00:43]} 41. Ne5 {[%clk 00:20:32]} {[%emt
00:11:16]} Be8 {[%clk 00:28:35]} {[%emt 00:02:40]} 42. Nd3 {[%clk 00:19:17]}
{[%emt 00:01:48]} Bd7 {[%clk 00:26:20]} {[%emt 00:02:44]} 43. Nf4 {[%clk
00:11:37]} {[%emt 00:08:10]} Nxf4+ {[%clk 00:20:34]} {[%emt 00:06:16]} 44. Rxf4
{[%clk 00:12:06]} Rhg5 {[%clk 00:20:43]} {[%emt 00:00:21]} 45. a4 {[%clk
00:10:34]} {[%emt 00:02:03]} Rb8 {[%clk 00:17:07]} {[%emt 00:04:05]} 46. Ra2
{[%clk 00:10:38]} {[%emt 00:00:27]} Rb7 {[%clk 00:16:45]} {[%emt 00:00:51]} 47.
Kf2 {[%clk 00:09:48]} {[%emt 00:01:20]} Rg8 {[%clk 00:16:23]} {[%emt 00:00:52]}
48. axb5 {[%clk 00:09:46]} {[%emt 00:00:33]} cxb5 {[%clk 00:15:08]} {[%emt
00:01:44]} 49. Bg2 {[%clk 00:09:26]} {[%emt 00:00:50]} Rc7 {[%clk 00:15:21]}
{[%emt 00:00:17]} 50. Ra6 {[%clk 00:09:50]} {[%emt 00:00:06]} Rd8 {[%clk
00:13:38]} {[%emt 00:02:13]} 51. Ke3 {[%clk 00:10:13]} {[%emt 00:00:07]} Bc8
{[%clk 00:12:44]} {[%emt 00:01:24]} 52. Ra2 {[%clk 00:08:39]} {[%emt 00:02:03]}
Kg6 {[%clk 00:10:33]} {[%emt 00:02:42]} 53. g4 {[%clk 00:07:55]} {[%emt
00:01:14]} Re7 {[%clk 00:10:25]} {[%emt 00:00:38]} 54. gxf5+ {[%clk 00:03:38]}
{[%emt 00:04:48]} exf5+ {[%clk 00:10:43]} {[%emt 00:00:11]} 55. Kf2 {[%clk
00:04:05]} {[%emt 00:00:02]} Kg5 {[%clk 00:10:42]} {[%emt 00:00:32]} 56. Kg3
{[%clk 00:04:02]} {[%emt 00:00:33]} Re3+ {[%clk 00:10:14]} {[%emt 00:00:58]} 57.
Bf3 {[%clk 00:04:25]} {[%emt 00:00:07]} a6 {[%clk 00:05:34]} {[%emt 00:05:10]}
58. h4+ {[%clk 00:04:39]} {[%emt 00:00:16]} Kg6 {[%clk 00:05:36]} {[%emt
00:00:29]} 59. Kf2 {[%clk 00:04:59]} {[%emt 00:00:09]} Rb3 {[%clk 00:04:00]}
{[%emt 00:02:07]} 60. d5 {[%clk 00:05:19]} {[%emt 00:00:09]} Kf6 {[%clk
00:04:19]} {[%emt 00:00:12]} 61. Re2 {[%clk 00:04:40]} {[%emt 00:01:09]} Ra3
{[%clk 00:02:44]} {[%emt 00:02:05]} 62. Rd4 {[%clk 00:04:15]} {[%emt 00:00:54]}
a5 {[%clk 00:02:03]} {[%emt 00:01:13]} 63. bxa5 {[%clk 00:04:36]} {[%emt
00:00:08]} Rxa5 {[%clk 00:02:29]} {[%emt 00:00:03]} 64. d6 {[%clk 00:03:51]}
{[%emt 00:01:16]} Ra4 {[%clk 00:01:38]} {[%emt 00:01:19]} 65. Rxa4 {[%clk
00:01:34]} {[%emt 00:02:48]} bxa4 {[%clk 00:02:04]} {[%emt 00:00:04]} 66. Re7
{[%clk 00:01:53]} {[%emt 00:00:11]} Bd7 {[%clk 00:01:27]} {[%emt 00:01:08]} 67.
Bd5 {[%clk 00:01:36]} {[%emt 00:00:47]} a3 {[%clk 00:01:13]} {[%emt 00:00:44]}
68. Ke3 {[%clk 00:01:50]} {[%emt 00:00:16]} Re8 {[%clk 00:01:00]} {[%emt
00:00:43]} 69. Rxe8 {[%clk 00:00:57]} {[%emt 00:01:22]} Bxe8 {[%clk 00:01:29]}
70. Kd4 {[%clk 00:00:48]} {[%emt 00:00:40]} Bc6 {[%clk 00:01:35]} {[%emt
00:00:24]} 71. Ba2 {[%clk 00:00:31]} {[%emt 00:00:47]} f4 {[%clk 00:01:30]}
{[%emt 00:00:34]} 72. Kc3 {[%clk 00:00:49]} {[%emt 00:00:12]} f3 {[%clk
00:01:29]} {[%emt 00:00:32]} 73. Kd2 {[%emt 00:00:48]} Ke5 {[%clk 00:01:09]}
{[%emt 00:00:49]} 74. Ke3 {[%clk 00:01:01]} f2 {[%clk 00:01:03]} {[%emt
00:00:37]} 75. Kxf2 {[%clk 00:01:30]} Kd4 {[%clk 00:01:28]} {[%emt 00:00:04]}
76. Ke2 {[%clk 00:00:56]} {[%emt 00:01:05]} Kxc5 {[%clk 00:01:40]} {[%emt
00:00:18]} 77. Kd3 {[%clk 00:01:06]} {[%emt 00:00:19]} Kxd6 {[%clk 00:01:40]}
{[%emt 00:00:30]} 78. Kc3 {[%clk 00:01:20]} {[%emt 00:00:16]} Bd5 {[%clk
00:02:00]} {[%emt 00:00:12]} 79. Bxd5 {[%clk 00:01:48]} {[%emt 00:00:01]} Kxd5
{[%clk 00:02:21]} {[%emt 00:00:09]} 80. Kb3 {[%clk 00:02:17]} Ke4 {[%clk
00:02:40]} {[%emt 00:00:12]} 81. Kxa3 {[%clk 00:02:47]} {[%emt 00:00:01]} Kf4
{[%clk 00:03:02]} {[%emt 00:00:07]} 82. Kb3 {[%clk 00:03:16]} {[%emt 00:00:01]}
Kg4 {[%clk 00:03:25]} {[%emt 00:00:07]} 83. h5 {[%clk 00:03:35]} {[%emt
00:00:11]} Kxh5 {[%clk 00:03:51]} {[%emt 00:00:04]} 84. Kc3 {[%clk 00:04:04]}
{[%emt 00:00:01]} Kg4 {[%clk 00:04:14]} {[%emt 00:00:07]} 85. Kd2 {[%clk
00:04:33]} Kg3 {[%clk 00:04:28]} {[%emt 00:00:17]} 0-1